Rasgos biográficos de la Reverenda Madre María Luisa Villalón
I tiakina i:
| Kaituhi matua: | |
|---|---|
| Hōputu: | Pukapuka |
| Reo: | Pāniora |
| I whakaputaina: |
Santiago
La Ilustración
1919
|
| Ngā marau: | |
| Ngā Tūtohu: |
Tāpirihia he Tūtohu
Kāore He Tūtohu, Me noho koe te mea tuatahi ki te tūtohu i tēnei pūkete!
|
MARC
| LEADER | 00000nam a2200000 a 4500 | ||
|---|---|---|---|
| 001 | UCI4580 | ||
| 003 | CL-VaPUC | ||
| 008 | 080125e19190000CL |||||||||||||||||spa|d | ||
| 082 | 0 | 4 | |a 922.2 |b ZEP |2 21 |
| 100 | 0 | |a Zepeda, Gregorio |e author |9 526549 | |
| 245 | 1 | 0 | |a Rasgos biográficos de la Reverenda Madre María Luisa Villalón |
| 300 | |a 508 p | ||
| 942 | |c BK | ||
| 945 | |d 20080125 00:00:00 |a rbrito | ||
| 260 | |a Santiago |b La Ilustración |c 1919 | ||
| 500 | |a Donación Padres Capuchinos | ||
| 600 | 0 | 7 | |a VILLALON, MARIA LUISA |2 CL-VaPUC |9 526550 |
| 650 | 0 | |a Biografías |9 255210 | |
| 650 | 0 | |a Vida religiosa |9 257284 | |
| 583 | |a last modification |c 20080125 00:00:00 |k Rodrigo Vera | ||
| 999 | |c 328484 |d 328482 | ||
| 952 | |0 0 |1 0 |4 0 |6 922_200000000000000_ZEP_1919 |7 0 |8 X |9 412409 |a FDOBUD |b FDOBUD |d 2019-11-22 |i 4405293 |o 922.2 ZEP 1919 |p 4405293 |r 2019-11-22 |w 2019-11-22 |y BK_X |k BUD | ||